Statistics for Can You Name The Northernmost Capital City Per Letter

Click here to take the quiz!

General Stats

  • This quiz has been taken 51 times
  • The average score is 18 of 24

Answer Stats

LetterAnswer% Correct
AAmsterdam
98%
SStockholm
98%
OOslo
98%
CCopenhagen
96%
MMoscow
93%
WWarsaw
93%
HHelsinki
93%
BBerlin
93%
DDublin
91%
VVilnius
91%
RReykjavik
89%
ZZagreb
89%
LLondon
89%
PPrague
84%
TTallinn
82%
KKiev
78%
QQuito
71%
YYerevan
64%
JJerusalem
53%
IIslamabad
53%
UUlaanbataar
42%
FFreetown
40%
GGuatemala City
38%
NNicosia
24%

Score Distribution

Percentile by Number Answered

Percent of People with Each Score

Your Score History

You have not taken this quiz